| 000 | 00569nam a2200193 u 4500 | ||
|---|---|---|---|
| 005 | 20240228063941.0 | ||
| 008 | 080624s2007 r 000 0 eng d | ||
| 020 | _a1404266127 | ||
| 035 | _aUPN01000157439 | ||
| 049 | _aI | ||
| 050 | 4 |
_aPZ71 _bR3.5 |
|
| 100 | 1 | _aRedondo, Kurt | |
| 245 | 1 | 3 |
_aEl mapa del tesoro / _cKurt Redondo ; tr. José María Obregón. |
| 260 |
_aNew York : _bRosen Classroom Books & Materials, _cc2007. |
||
| 300 |
_a12 p. : _bil. col. |
||
| 440 | 0 | _aLecturas del barrio | |
| 650 | 4 |
_aLibros y lectura para niños _92290 |
|
| 905 | _aInfantil | ||
| 999 |
_c129553 _d129553 |
||